Polscy medaliści na igrzyskach w Londynie 2012 - Statystyki

Ogólne statystyki
  • Ten quiz został rozwiązany 14 razy
  • Średni wynik to 8 z 11
Statystyki odpowiedzi
Dyscyplina Medalista Medal % Poprawnych
Lekkoatletyka Anita Włodarczyk Złoto
100%
Podnoszenie ciężarów Adrian Zieliński Złoto
93%
Lekkoatletyka Tomasz Majewski Złoto
93%
Podnoszenie ciężarów Tomasz Zieliński Brąz
86%
Zapasy Damian Janikowski Brąz
71%
Podnoszenie ciężarów Bartłomiej Bonk Srebro
64%
Żeglarstwo Zofia Noceti-Klepacka Brąz
64%
Kajakarstwo Beata Mikołajczyk| Karolina Naja Brąz
57%
Strzelectwo Sylwia Bogacka Srebro
57%
Żeglarstwo Przemysław Miarczyński Brąz
43%
Wioślarstwo Julia Michalska| Magdalena Fularczyk Brąz
29%
Nie znaleziono quizów pasujących do podanych kryteriów
Rozkład punktacji
Procent ludzi z każdym wynikiem
Percentyl według liczby udzielonych odpowiedzi
Twoja historia wyników
Nie rozwiązałeś tego quizu